000 00480nam a22001457a 4500
999 _c8048
_d8049
008 190705b ||||| |||| 00| 0 eng d
020 _a9789993677192
082 _a294.3 D69r
100 _aDorji, Tenzin
245 _aབསྟན་པའི་འཇུག་སྒོ་སྐྱབས་འགྲོ།
_bRefuge: The Path to Buddha Dharma
260 _aTrongsa ;
_bCollege of Language and Culture Studies,
300 _a76 p.
_c24 cm.
650 _aBuddha Dharma
942 _2ddc